[Event "10th Chennai Open 2018"]
[Site "Chennai IND"]
[Date "2018.01.21"]
[Round "5.6"]
[White "Rathnakaran, K."]
[Black "Solodovnichenko, Yuri"]
[Result "1-0"]
[WhiteTitle "IM"]
[BlackTitle "GM"]
[WhiteElo "2372"]
[BlackElo "2571"]
[WhiteFideId "5005507"]
[BlackFideId "14104369"]
[EventDate "2018.01.18"]

1. e4 c5 2. Nf3 d6 3. c3 Nf6 4. h3 Nc6 5. Bd3 d5 6. e5 Nd7 7. Qe2 Qc7 8. Bb5 a6
9. Bxc6 Qxc6 10. O-O e6 11. d4 b6 12. Na3 h6 13. Be3 Be7 14. Rac1 a5 15. Rfd1
Ba6 16. Qd2 c4 17. Nc2 O-O-O 18. b3 f5 19. exf6 gxf6 20. bxc4 Bxc4 21. Bf4 Bxa2
22. Nb4 axb4 23. Qxa2 b3 24. Qa6+ Qb7 25. Qb5 e5 26. Bh2 Ba3 27. Ra1 Bd6 28. c4
b2 29. Qxb2 dxc4 30. Qb5 Rhg8 31. d5 Nc5 32. Qxc4 e4 33. Bxd6 Rxd6 34. Nd4 Rxd5
35. Nf5 Rxd1+ 36. Rxd1 Rd8 37. Rxd8+ Kxd8 38. Qg8+ Kc7 39. Qg3+ Kc6 40. Qd6+ Kb5
41. Qxf6 Qd5 42. Nxh6 Qe6 43. Qb2+ Kc6 44. Ng4 b5 45. Ne3 Nd3 46. Qc3+ Kb7 47.
Qg7+ Ka6 48. Qd4 Nf4 49. Kh2 Qe7 50. g3 Nd3 51. Nd5 Qd6 52. Qxe4 Nxf2 53. Qd4
Kb7 54. Kg2 Nh1 55. Qg7+ Kc6 56. Ne7+ Kc5 57. Qc3+ 1-0

[Event "10th Chennai Open 2018"]
[Site "Chennai IND"]
[Date "2018.01.21"]
[Round "5.7"]
[White "Saravana, Krishnan P."]
[Black "Pruijssers, Roeland"]
[Result "0-1"]
[BlackTitle "GM"]
[WhiteElo "2323"]
[BlackElo "2536"]
[WhiteFideId "5018382"]
[BlackFideId "1013068"]
[EventDate "2018.01.18"]

1. Nf3 Nf6 2. d4 g6 3. c4 Bg7 4. g3 O-O 5. Bg2 d6 6. O-O Nbd7 7. Nc3 e5 8. e4 a6
9. Qc2 exd4 10. Nxd4 Ne5 11. b3 Rb8 12. f4 Ned7 13. Rd1 c5 14. Nde2 b5 15. Rb1
b4 16. Nd5 Nxd5 17. cxd5 Re8 18. g4 Nf6 19. h3 h5 20. gxh5 Nxh5 21. Be3 Bd7 22.
Qd2 Bb5 23. Kh2 Qh4 24. Rf1 Bxe2 25. Qxe2 Ng3 26. Qd3 Nxf1+ 27. Rxf1 a5 28. Qa6
Qe7 29. Bf2 Ra8 30. Qc4 a4 31. e5 axb3 32. axb3 dxe5 33. d6 Qxd6 34. Bxc5 Qd7
35. Bxa8 Rxa8 36. Qxb4 exf4 37. Qxf4 Qd5 38. Qc4 Ra2+ 39. Bf2 Qf3 40. Qc5 Bf6
41. Qc8+ Kh7 42. Qc5 Bh4 43. Kg1 Bxf2+ 44. Qxf2 Rxf2 45. Rxf2 Qg3+ 0-1

[Event "10th Chennai Open 2018"]
[Site "Chennai IND"]
[Date "2018.01.21"]
[Round "5.8"]
[White "Kandil, Adham"]
[Black "Visakh, N R"]
[Result "0-1"]
[WhiteTitle "IM"]
[BlackTitle "IM"]
[WhiteElo "2294"]
[BlackElo "2457"]
[WhiteFideId "10618490"]
[BlackFideId "25012223"]
[EventDate "2018.01.18"]

1. e4 c5 2. Nf3 d6 3. d4 cxd4 4. Nxd4 Nf6 5. Nc3 a6 6. Be3 e5 7. Nb3 Be6 8. f3
Be7 9. Qd2 Nbd7 10. g4 b5 11. O-O-O O-O 12. Rg1 Nb6 13. g5 Nfd7 14. Nd5 Bxd5 15.
exd5 Rc8 16. Kb1 Nc4 17. Qe1 Nxe3 18. Qxe3 Qb6 19. Qxb6 Nxb6 20. h4 Nc4 21. Re1
Bd8 22. Bh3 Rc7 23. Bf5 Re7 24. Rg2 Bb6 25. Rge2 Rc7 26. Be4 f5 27. gxf6 gxf6
28. Bf5 Kh8 29. c3 Rg8 30. Nd2 Nxd2+ 31. Rxd2 Rg3 32. Rf1 Rc4 33. Be4 Rh3 34.
Rg2 Rxh4 35. Bf5 Rh5 36. Be6 Rg5 37. Rg4 Rf4 38. Rxf4 exf4 39. Rh1 Kg7 40. Rh4
Be3 41. Rg4 Kg6 42. Kc2 h5 43. Rh4 Rg2+ 44. Kb1 Kg5 45. Rh3 h4 46. Bc8 Rg3 47.
Kc2 f5 48. Rh1 a5 49. Ba6 Rxf3 50. Bxb5 Rf2+ 51. Kb1 f3 52. b4 axb4 53. cxb4 Rg2
54. Bf1 Kg4 55. a4 h3 56. a5 h2 0-1

[Event "10th Chennai Open 2018"]
[Site "Chennai IND"]
[Date "2018.01.21"]
[Round "5.9"]
[White "Dzhumaev, Marat"]
[Black "Hegde, Ravi Gopal"]
[Result "0-1"]
[WhiteTitle "GM"]
[BlackTitle "IM"]
[WhiteElo "2434"]
[BlackElo "2105"]
[WhiteFideId "14200236"]
[BlackFideId "5000254"]
[EventDate "2018.01.18"]

1. e4 e5 2. Nf3 Nc6 3. d4 exd4 4. Nxd4 d6 5. Nc3 Nf6 6. Be2 Be7 7. Be3 O-O 8.
Qd2 Nxd4 9. Bxd4 Be6 10. O-O-O c5 11. Be3 Qa5 12. Nd5 Qxd2+ 13. Rxd2 Nxd5 14.
exd5 Bd7 15. h4 Rfe8 16. Bf4 b5 17. c3 a5 18. g4 a4 19. g5 Bf8 20. f3 g6 21. Kc2
a3 22. b3 c4 23. bxc4 bxc4 24. Rc1 Bf5+ 25. Kd1 Rec8 26. Ke1 Rab8 27. Kf2 Rb2
28. Ke1 Re8 29. Kf2 Bg7 30. Bxc4 Rc8 31. Ba6 Bxc3 32. Re2 Bd4+ 33. Kg3 Rxc1 34.
Bxc1 Bb1 35. Bc4 Rxe2 36. Bxe2 Bb2 0-1

[Event "10th Chennai Open 2018"]
[Site "Chennai IND"]
[Date "2018.01.21"]
[Round "5.10"]
[White "Sivuk, Vitaly"]
[Black "Bhambure, Shantanu"]
[Result "1-0"]
[WhiteTitle "GM"]
[WhiteElo "2550"]
[BlackElo "2173"]
[WhiteFideId "14116502"]
[BlackFideId "5025931"]
[EventDate "2018.01.18"]

1. c4 c6 2. g3 d5 3. Bg2 Nf6 4. Nf3 Bg4 5. cxd5 cxd5 6. Ne5 Bf5 7. g4 Be4 8. f3
Bxb1 9. Rxb1 e6 10. Qa4+ Nfd7 11. d4 f6 12. Nxd7 Qxd7 13. Qxd7+ Nxd7 14. f4 Nb6
15. b3 h5 16. h3 hxg4 17. hxg4 Rxh1+ 18. Bxh1 Bb4+ 19. Bd2 a5 20. Kd1 Rc8 21.
Bf3 f5 22. gxf5 exf5 23. a3 Bxd2 24. Kxd2 Kf7 25. a4 Rc6 26. Kd3 Ke6 27. Rg1 Kf7
28. Rh1 Ke6 29. Rg1 Kf7 30. Rb1 Ke6 31. b4 Nc8 32. bxa5 Rc7 33. Rb5 Ne7 34. e3
Kd6 35. Rb6+ Nc6 36. Kd2 Rd7 37. Rb5 Ne7 38. Be2 Kc7 39. Rc5+ Kb8 40. a6 b6 41.
Rc1 Rd6 42. a7+ Ka8 43. Rc7 Nc6 44. Rxg7 Nxa7 45. Rf7 1-0

[Event "10th Chennai Open 2018"]
[Site "Chennai IND"]
[Date "2018.01.21"]
[Round "5.11"]
[White "Tran, Tuan Minh"]
[Black "Shetty, Rahul"]
[Result "1-0"]
[WhiteTitle "GM"]
[BlackTitle "IM"]
[WhiteElo "2548"]
[BlackElo "2163"]
[WhiteFideId "12401820"]
[BlackFideId "5000513"]
[EventDate "2018.01.18"]

1. d4 Nf6 2. c4 e6 3. Nc3 Bb4 4. e3 O-O 5. Ne2 Re8 6. a3 Bf8 7. Nf4 d6 8. Bd3 e5
9. Nfe2 c6 10. d5 a5 11. O-O Na6 12. Rb1 e4 13. Bc2 Bf5 14. b4 axb4 15. axb4
cxd5 16. Nxd5 Rc8 17. Ba4 Nxd5 18. Bxe8 Ndxb4 19. Bb5 Nd3 20. Bb2 Nxb2 21. Rxb2
Nc5 22. Rd2 g6 23. Nd4 Qg5 24. Nxf5 Qxf5 25. Rd5 Qe6 26. Qd2 f5 27. Rd1 Rc7 28.
Qa5 Rf7 29. g3 Nd3 30. R1xd3 exd3 31. Qd2 Rc7 32. Qxd3 Rc5 33. Rd4 Kg7 34. Ba4
Be7 35. Bd1 Qd7 36. Be2 Qc6 37. Qd1 Qc7 38. Kg2 b6 39. h4 Qb7+ 40. Bf3 Qa6 41.
Qb3 Ra5 42. Rd2 Ra3 43. Qb2+ Bf6 44. Qb4 Be5 45. Rxd6 Bxd6 46. Qxd6 Qa7 47. h5
Ra5 48. Qd4+ Kh6 49. Qf4+ Kg7 50. h6+ Kf6 51. Qd4+ Ke7 52. Qg7+ Kd6 53. Qf6+ Kd7
54. Bd5 1-0

[Event "10th Chennai Open 2018"]
[Site "Chennai IND"]
[Date "2018.01.21"]
[Round "5.12"]
[White "Atalik, Suat"]
[Black "Sahil, Tickoo"]
[Result "1-0"]
[WhiteTitle "GM"]
[WhiteElo "2538"]
[BlackElo "2161"]
[WhiteFideId "14401487"]
[BlackFideId "5019710"]
[EventDate "2018.01.18"]

1. d4 d5 2. c4 e6 3. Nc3 Nf6 4. cxd5 exd5 5. Bg5 c6 6. e3 Be7 7. Bd3 h6 8. Bf4
Bd6 9. Qf3 O-O 10. h3 Re8 11. Nge2 Bxf4 12. Qxf4 Nbd7 13. O-O-O Qe7 14. g4 Nf8
15. Qg3 b5 16. Rdg1 b4 17. Na4 Ne4 18. Bxe4 dxe4 19. g5 h5 20. Kb1 g6 21. Nc5
Be6 22. Rc1 Bd5 23. Nf4 Rac8 24. h4 a5 25. Qh3 Qa7 26. Rc2 b3 27. axb3 Rb8 28.
Rc3 Rb5 29. Rhc1 Reb8 30. Nxd5 cxd5 31. Qg3 a4 32. Nxa4 Rxb3 33. Rxb3 Rxb3 34.
Qd6 Qxa4 35. Rc8 Qb4 36. Rxf8+ Kg7 37. Qxb4 Rxb4 38. Rd8 Rb5 39. Kc2 Ra5 40. Rd6
Kf8 41. Rf6 Ke7 42. b4 Ra2+ 43. Kb3 Ra1 44. b5 Ra7 45. Kb4 Kd8 46. Kc5 1-0

[Event "10th Chennai Open 2018"]
[Site "Chennai IND"]
[Date "2018.01.21"]
[Round "5.13"]
[White "Horvath, Adam1"]
[Black "Kushagra, Mohan"]
[Result "1-0"]
[WhiteTitle "GM"]
[BlackTitle "CM"]
[WhiteElo "2484"]
[BlackElo "2150"]
[WhiteFideId "708003"]
[BlackFideId "25033638"]
[EventDate "2018.01.18"]

1. e4 e5 2. Nf3 Nc6 3. Bb5 a6 4. Ba4 Nf6 5. Nc3 b5 6. Bb3 Be7 7. a4 b4 8. Nd5 d6
9. d4 Bg4 10. dxe5 dxe5 11. Be3 Na5 12. Nxf6+ Bxf6 13. Bd5 c6 14. Ba2 Qe7 15.
O-O O-O 16. h3 Bd7 17. Qe2 Rfb8 18. Nd2 Nb7 19. Bc4 a5 20. Nb3 Qd8 21. Rfd1 Qc7
22. Bb6 Qxb6 23. Rxd7 Rf8 24. Qe3 Qxe3 25. fxe3 Nd8 26. Rad1 Bg5 27. Kf2 Kh8 28.
Ke2 g6 29. Rc7 Rg8 30. Rdd7 Rg7 31. Nc5 Bh6 32. Ra7 Rc8 33. Rxa5 f5 34. Raa7
Rxd7 35. Nxd7 Bg7 36. a5 c5 37. Nb6 Rb8 38. Bd5 fxe4 39. Ra8 Rxa8 40. Nxa8 Bf8
41. a6 c4 42. a7 Bc5 43. Nb6 1-0

[Event "10th Chennai Open 2018"]
[Site "Chennai IND"]
[Date "2018.01.21"]
[Round "5.14"]
[White "Dixit, Nikhil"]
[Black "Khusenkhojaev, Muhammad"]
[Result "1-0"]
[BlackTitle "IM"]
[WhiteElo "2139"]
[BlackElo "2462"]
[WhiteFideId "5059534"]
[BlackFideId "14700247"]
[EventDate "2018.01.18"]

1. e4 Nf6 2. e5 Nd5 3. d4 d6 4. Nf3 dxe5 5. Nxe5 c6 6. c4 Nf6 7. Nc3 g6 8. Be2
Bg7 9. Bf4 O-O 10. O-O Nbd7 11. Bf3 Nxe5 12. Bxe5 Qa5 13. Qb3 Nd7 14. Bxg7 Kxg7
15. Rfe1 e5 16. d5 c5 17. Ne4 Qd8 18. Qe3 b6 19. Ng5 Ba6 20. Ne6+ fxe6 21. dxe6
Nf6 22. Qxe5 Qe7 23. Bxa8 Rxa8 24. Rad1 Kg8 25. b3 Rf8 26. h3 Bc8 27. Rd3 Nh5
28. Qd6 Qxd6 29. Rxd6 Re8 30. Rc6 Nf4 31. Rc7 a6 32. Re4 Nh5 33. Re3 Ng7 34. e7
Nf5 35. Rxc8 1-0

[Event "10th Chennai Open 2018"]
[Site "Chennai IND"]
[Date "2018.01.21"]
[Round "5.15"]
[White "Czebe, Attila"]
[Black "Michelle Catherina, P"]
[Result "1/2-1/2"]
[WhiteTitle "GM"]
[BlackTitle "WIM"]
[WhiteElo "2458"]
[BlackElo "2104"]
[WhiteFideId "705268"]
[BlackFideId "5005736"]
[EventDate "2018.01.18"]

1. b3 e5 2. Bb2 Nc6 3. e3 Nf6 4. Bb5 Bd6 5. Na3 Na5 6. Be2 a6 7. c4 O-O 8. Nf3
Nc6 9. O-O e4 10. Ne1 Be5 11. Bxe5 Nxe5 12. Rc1 Qe7 13. Nb1 d5 14. cxd5 Nxd5 15.
Nc3 Nxc3 16. Rxc3 Bf5 17. f4 exf3 18. Bxf3 Nxf3+ 19. Qxf3 Be4 20. Qf4 c5 21. Nf3
Bxf3 22. Rxf3 Rad8 23. Rf2 Rd5 24. h3 Rfd8 25. Rc2 f5 26. b4 cxb4 27. Rc7 Qd6
28. Qxd6 R8xd6 29. d4 b6 30. g4 g6 31. Kg2 Re6 32. Kf3 Ra5 33. gxf5 gxf5 34. Kf4
h6 35. Rg2+ Kf8 36. Rb7 Re4+ 37. Kf3 Ra3 38. Re2 Rxd4 39. Rxb6 f4 40. Rxa6 Rxe3+
41. Rxe3 fxe3 42. Rxh6 Rd2 43. Kxe3 Rxa2 44. Rb6 Ra3+ 45. Kd4 Rxh3 46. Rxb4 Rh4+
47. Kc5 Rxb4 48. Kxb4 1/2-1/2

[Event "10th Chennai Open 2018"]
[Site "Chennai IND"]
[Date "2018.01.21"]
[Round "5.16"]
[White "Nitin, S."]
[Black "Bala, Kannamma P"]
[Result "1-0"]
[WhiteTitle "IM"]
[WhiteElo "2422"]
[BlackElo "2077"]
[WhiteFideId "5018277"]
[BlackFideId "5081432"]
[EventDate "2018.01.18"]

1. e4 c5 2. Nf3 e6 3. d4 cxd4 4. Nxd4 Nf6 5. Nc3 Bb4 6. Bd3 d6 7. O-O O-O 8. Kh1
Nc6 9. Nxc6 bxc6 10. Bg5 h6 11. Bh4 g5 12. Bg3 e5 13. Qe2 Bg4 14. f3 Bh5 15. Nd1
Bg6 16. Ne3 Nh5 17. Be1 Nf4 18. Qd1 Bxe1 19. Qxe1 Kg7 20. Rd1 Qe7 21. Rf2 Nxd3
22. cxd3 f5 23. exf5 Bxf5 24. d4 d5 25. Re2 e4 26. Nxf5+ Rxf5 27. fxe4 Re8 28.
e5 Ref8 29. h3 g4 30. Qg3 h5 31. e6 Rf4 32. h4 R8f5 33. Kg1 Re4 34. Rde1 Qxe6
35. Rxe4 dxe4 36. Qe3 Qxa2 37. Qxe4 Qd5 38. Qe7+ Rf7 39. Qe3 Rd7 40. Kh1 Qf5 41.
Qg3 Qf6 42. Re5 Rd5 43. Kg1 Rxe5 44. dxe5 Qh6 45. Qf2 Kg8 46. b4 a6 47. Qf5 Qc1+
48. Kh2 g3+ 49. Kxg3 Qe1+ 50. Kf3 Qf1+ 51. Ke4 Qb1+ 52. Kf4 Qc1+ 53. Kg3 Qe1+
54. Qf2 Qxe5+ 55. Qf4 Qe1+ 56. Kh2 Qe8 57. Qc4+ Kg7 58. Qc5 Kg6 59. Qd6+ Kg7 60.
Kh3 Kh7 61. Qd3+ Kg7 62. Qd4+ Kh7 63. g4 hxg4+ 64. Kxg4 Qg6+ 65. Kf3 Qf5+ 66.
Ke3 Qh3+ 67. Kd2 Qg2+ 68. Kc3 Kg6 69. Qd3+ Kg7 70. Qxa6 Qg3+ 71. Qd3 Qe1+ 72.
Kc4 Kf7 73. Qf3+ Ke7 74. Qxc6 Qxh4+ 75. Kb5 Kd8 76. Qc5 Qf4 77. Ka6 Qe4 78. b5
Qa8+ 79. Qa7 Qe4 80. Qb8+ Kd7 81. Qb7+ Ke8 1-0

[Event "10th Chennai Open 2018"]
[Site "Chennai IND"]
[Date "2018.01.21"]
[Round "5.18"]
[White "Sidhant, Mohapatra"]
[Black "Chitlange, Sakshi"]
[Result "1-0"]
[WhiteTitle "IM"]
[BlackTitle "WIM"]
[WhiteElo "2382"]
[BlackElo "2057"]
[WhiteFideId "5028698"]
[BlackFideId "35002899"]
[EventDate "2018.01.18"]

1. d4 Nf6 2. Bf4 d5 3. e3 c5 4. dxc5 Nc6 5. Bb5 Qa5+ 6. Nc3 a6 7. Bxc6+ bxc6 8.
Nf3 Qxc5 9. Ne5 e6 10. O-O Bb7 11. Na4 Qa5 12. c4 Be7 13. b4 Qd8 14. c5 O-O 15.
Nb6 Ra7 16. Qa4 Qe8 17. Rac1 Kh8 18. Rfd1 Nh5 19. Ned7 Nxf4 20. exf4 Rg8 21. Re1
Bc8 22. Nxc8 Rxd7 23. Nxe7 Rxe7 24. Qxa6 Qa8 25. Qe2 Rb7 26. Qb2 Qb8 27. a3 Qxf4
28. g3 Qc7 29. Qd4 Re8 30. a4 Qb8 31. Rb1 e5 32. Qc3 f6 33. b5 cxb5 34. Qb4 d4
35. axb5 Rd7 36. c6 Rd6 37. Rec1 Rc8 38. c7 Qb6 39. Qxd6 Qxd6 40. b6 1-0

[Event "10th Chennai Open 2018"]
[Site "Chennai IND"]
[Date "2018.01.21"]
[Round "5.19"]
[White "Sangma, Rahul"]
[Black "Barath, Kalyan M"]
[Result "0-1"]
[WhiteTitle "IM"]
[WhiteElo "2332"]
[BlackElo "2022"]
[WhiteFideId "5013615"]
[BlackFideId "25016555"]
[EventDate "2018.01.18"]

1. Nf3 Nf6 2. c4 b6 3. g3 Bb7 4. Bg2 c5 5. O-O g6 6. a3 Bg7 7. Nc3 O-O 8. b3 d5
9. cxd5 Nxd5 10. Bb2 Nc6 11. Qc2 e5 12. e3 Rc8 13. Nxd5 Qxd5 14. d3 Na5 15. Bc3
Nxb3 16. Rab1 Nd4 17. Bxd4 cxd4 18. Qa4 dxe3 19. Nh4 exf2+ 20. Kh1 Bc6 21. Qxa7
Qxd3 22. Qxb6 Bxg2+ 23. Nxg2 Rb8 24. Qxb8 Rxb8 25. Rxb8+ Bf8 26. Rxf2 Qd1+ 27.
Ne1 Qxe1+ 28. Kg2 Kg7 29. Rbb2 Bc5 30. Rbe2 Bxf2 0-1

[Event "10th Chennai Open 2018"]
[Site "Chennai IND"]
[Date "2018.01.21"]
[Round "5.20"]
[White "Muthaiah, AL"]
[Black "Alan, Diviya Raj"]
[Result "1-0"]
[WhiteElo "2291"]
[BlackElo "1970"]
[WhiteFideId "5092442"]
[BlackFideId "25034740"]
[EventDate "2018.01.18"]

1. c4 Nf6 2. Nc3 e6 3. e4 Bb4 4. e5 Ng8 5. Qg4 Bf8 6. d4 g6 7. Nf3 Bg7 8. Bd3 d5
9. Bg5 f6 10. Bh4 c6 11. O-O Qc7 12. Rac1 Nh6 13. Qg3 dxc4 14. exf6 Qxg3 15.
fxg7 Rg8 16. fxg3 cxd3 17. Bf6 Nf5 18. Ne5 Nd7 19. Ne4 Nxe5 20. Bxe5 Ke7 21. g4
Ne3 22. Bd6+ Kd7 23. Rf7+ Ke8 24. Rf8+ Kd7 25. Rxg8 d2 26. Rd8+ Kxd8 27. g8=Q+ 1-0

[Event "10th Chennai Open 2018"]
[Site "Chennai IND"]
[Date "2018.01.21"]
[Round "6.1"]
[White "Karthik, Venkataraman"]
[Black "Deepan, Chakkravarthy J."]
[Result "1/2-1/2"]
[WhiteTitle "FM"]
[BlackTitle "GM"]
[WhiteElo "2476"]
[BlackElo "2475"]
[WhiteFideId "25006479"]
[BlackFideId "5011132"]
[EventDate "2018.01.18"]

1. e4 c5 2. Nf3 d6 3. d4 cxd4 4. Nxd4 Nf6 5. Nc3 a6 6. Bg5 e6 7. f4 Qc7 8. Qe2
b5 9. e5 b4 10. Ncb5 axb5 11. exf6 gxf6 12. Bxf6 Rg8 13. f5 e5 14. Nxb5 Qb6 15.
Qf2 Qc6 16. Qf3 Qxf3 17. gxf3 Ra5 18. O-O-O Bxf5 19. Rxd6 Be7 20. Bc4 Rg2 21.
Nc7+ Kf8 22. Bxe7+ Kxe7 23. Rd2 Rxd2 24. Kxd2 Kd6 25. Ne8+ Ke7 26. Nc7 Kd6 27.
Ne8+ Ke7 28. Nc7 Kd6 1/2-1/2

[Event "10th Chennai Open 2018"]
[Site "Chennai IND"]
[Date "2018.01.21"]
[Round "6.2"]
[White "Visakh, N R"]
[Black "Tiviakov, Sergei"]
[Result "1/2-1/2"]
[WhiteTitle "IM"]
[BlackTitle "GM"]
[WhiteElo "2457"]
[BlackElo "2584"]
[WhiteFideId "25012223"]
[BlackFideId "1008013"]
[EventDate "2018.01.18"]

1. d4 Nf6 2. c4 e6 3. Nf3 b6 4. g3 Bb7 5. Bg2 Be7 6. O-O c6 7. Nc3 d5 8. Ne5
Nfd7 9. Nxd7 Qxd7 10. Qb3 O-O 11. Rd1 Na6 12. Bf4 f5 13. Be5 Nc7 14. Rac1 Rfc8
15. e3 Ne8 16. a3 Nd6 17. cxd5 cxd5 18. Bxd6 Bxd6 19. Bf1 Be7 20. Bb5 Qd6 21.
Bd3 a6 22. Qc2 b5 23. Qd2 b4 24. axb4 Qxb4 25. Qe2 Qd6 26. g4 g6 27. gxf5 exf5
28. Bb1 Qd7 29. Qf3 a5 30. Ba2 Rd8 31. Rc2 Rac8 32. Rdc1 Kf8 33. Qf4 Bb4 34. Qe5
Qg7 35. Qxg7+ Kxg7 36. Nb5 Rxc2 37. Rxc2 Rd7 38. Rc7 Rxc7 39. Nxc7 a4 40. Bxd5
Bc8 41. Bc6 a3 42. bxa3 Bxa3 43. Kg2 Kf6 44. Bf3 Bd7 45. Ba8 Bd6 46. Na6 Bb5 47.
Nc5 Bc7 48. f3 Ba5 49. Kf2 Bc3 50. Bb7 g5 51. Ba6 Bc6 52. Bc4 Bb4 53. Nd3 Bd6
54. f4 Be4 55. Ne5 gxf4 56. exf4 Ba3 57. Bd3 Bb2 58. Ng4+ fxg4 59. Bxe4 Bxd4+
60. Kg2 h5 61. h3 1/2-1/2

[Event "10th Chennai Open 2018"]
[Site "Chennai IND"]
[Date "2018.01.21"]
[Round "6.3"]
[White "Tukhaev, Adam"]
[Black "Rathnakaran, K."]
[Result "1-0"]
[WhiteTitle "GM"]
[BlackTitle "IM"]
[WhiteElo "2570"]
[BlackElo "2372"]
[WhiteFideId "14109476"]
[BlackFideId "5005507"]
[EventDate "2018.01.18"]

1. e4 e6 2. d4 d5 3. e5 c5 4. c3 Nc6 5. Nf3 Bd7 6. Be2 f6 7. O-O fxe5 8. Nxe5
Nxe5 9. dxe5 Qc7 10. c4 d4 11. Bd3 O-O-O 12. Qe2 Ne7 13. Nd2 Nc6 14. f4 Be7 15.
a3 Rdf8 16. b4 g5 17. b5 Nd8 18. Ne4 gxf4 19. Bxf4 h5 20. a4 Nf7 21. a5 Qd8 22.
a6 b6 23. Nf6 Qc7 24. Nxh5 Rfg8 25. Nf6 Bxf6 26. exf6 e5 27. Bg3 Rg5 28. Qe4 Be6
29. Rae1 Kd7 30. Rf2 Rhg8 31. Rfe2 Rxg3 32. hxg3 Rxg3 33. Qh7 Kd6 34. Rf1 Qd8
35. Qe4 Qd7 36. Qa8 Nd8 37. Bf5 d3 38. Rxe5 1-0

[Event "10th Chennai Open 2018"]
[Site "Chennai IND"]
[Date "2018.01.21"]
[Round "6.4"]
[White "Pruijssers, Roeland"]
[Black "Laxman, R.R."]
[Result "1/2-1/2"]
[WhiteTitle "GM"]
[BlackTitle "GM"]
[WhiteElo "2536"]
[BlackElo "2434"]
[WhiteFideId "1013068"]
[BlackFideId "5005361"]
[EventDate "2018.01.18"]

1. e4 e5 2. Nf3 Nc6 3. Bc4 Bc5 4. d3 Nf6 5. O-O a6 6. c3 d6 7. Bb3 Ba7 8. Nbd2
O-O 9. h3 Ne7 10. Re1 Ng6 11. Nf1 Re8 12. Ng3 c5 13. Be3 b5 14. Qd2 Be6 15. Bxe6
fxe6 16. a4 Bb6 17. Qc2 c4 18. axb5 Bxe3 19. Rxe3 axb5 20. Rd1 Qc7 21. b3 Red8
22. d4 Rdc8 23. Ng5 Nf4 24. Ne2 cxb3 25. Qxb3 Qc4 26. Qxc4 bxc4 27. dxe5 dxe5
28. g3 Nd3 29. Nxe6 Ra2 30. Rb1 Ra6 31. Ng5 h6 32. Nf3 Rca8 33. Nd2 Ra1 34. Rxa1
Rxa1+ 35. Nf1 g5 36. g4 Nd7 37. Ng3 Kh7 38. Nf5 Nf4 39. Nd6 Nb6 40. Nf7 Nd3 41.
Nd6 Rd1 42. Re2 Nf4 43. Rd2 Rb1 44. Nf7 Nd3 45. Nd6 Nf4 46. Nf7 Na4 47. Nxe5
Nxc3 48. f3 Nce2+ 49. Kf2 c3 50. Rd7+ Kg8 51. Ne3 Rb2 52. Rd8+ Kh7 53. Rd7+ Kg8
54. Rd8+ Kh7 1/2-1/2

[Event "10th Chennai Open 2018"]
[Site "Chennai IND"]
[Date "2018.01.21"]
[Round "6.5"]
[White "Hegde, Ravi Gopal"]
[Black "Sivuk, Vitaly"]
[Result "1/2-1/2"]
[WhiteTitle "IM"]
[BlackTitle "GM"]
[WhiteElo "2105"]
[BlackElo "2550"]
[WhiteFideId "5000254"]
[BlackFideId "14116502"]
[EventDate "2018.01.18"]

1. Nf3 g6 2. d4 Bg7 3. e4 d6 4. Nc3 Nf6 5. h3 O-O 6. Be3 a6 7. a4 b6 8. e5 Ne8
9. Bc4 Nc6 10. O-O Nb4 11. Bb3 Bf5 12. Qe2 c5 13. Rad1 Qc8 14. dxc5 bxc5 15. Nd5
Nxd5 16. Bxd5 Rb8 17. Bg5 e6 18. Bc4 d5 19. Bxa6 Qc7 20. Bb5 Be4 21. c4 h6 22.
Bf4 g5 23. Bg3 Qb7 24. Nd2 Bc2 25. Rc1 Bg6 26. Rfd1 Nc7 27. b3 d4 28. h4 gxh4
29. Bxh4 Na6 30. Bxa6 Qxa6 31. Be7 Rfc8 32. Bd6 Rb6 33. Ne4 Bxe4 34. Qxe4 Rxb3
35. Qc2 Rc3 36. Qa2 Rxc1 37. Rxc1 Qc6 38. Qc2 Bf8 39. Bxf8 Rxf8 40. Rb1 Kh8 41.
Qd2 Kg7 42. Qf4 Rg8 43. Rb3 Kh7 44. Qxf7+ Rg7 45. Qf3 Qxf3 46. Rxf3 Ra7 47. Rf6
d3 48. Kf1 Rxa4 49. Ke1 Rxc4 50. Kd2 Rd4 51. Rxe6 c4 52. Rd6 Re4 53. Kc3 h5 54.
g3 Kg7 55. f3 Rxe5 56. Kxc4 Rg5 57. Kxd3 Rxg3 58. Ke2 h4 59. Kf2 1/2-1/2

[Event "10th Chennai Open 2018"]
[Site "Chennai IND"]
[Date "2018.01.21"]
[Round "6.6"]
[White "Gareyev, Timur"]
[Black "Sidhant, Mohapatra"]
[Result "0-1"]
[WhiteTitle "GM"]
[BlackTitle "IM"]
[WhiteElo "2605"]
[BlackElo "2382"]
[WhiteFideId "14200937"]
[BlackFideId "5028698"]
[EventDate "2018.01.18"]

1. e4 e5 2. f4 exf4 3. Nf3 Ne7 4. d4 d5 5. Nc3 dxe4 6. Nxe4 Nd5 7. Bd3 Be7 8.
O-O O-O 9. Qe2 Nc6 10. c4 Ndb4 11. d5 Nxd3 12. Qxd3 Nb4 13. Qe2 Bf5 14. Bxf4 Re8
15. Kh1 Bd6 16. Nfd2 Bxe4 17. Nxe4 f5 18. Bxd6 Rxe4 19. Qxe4 fxe4 20. Bxb4 Qd7
21. b3 h6 22. Rae1 Re8 23. Re3 b5 24. Rc1 bxc4 25. Rxc4 Qxd5 26. h3 c6 27. Bc5
a6 28. Rg3 Re5 29. Be3 Qe6 30. Bd4 e3 31. Rxg7+ Kf8 0-1

[Event "10th Chennai Open 2018"]
[Site "Chennai IND"]
[Date "2018.01.21"]
[Round "6.7"]
[White "Hafiz, Arif Abdul"]
[Black "Rozum, Ivan"]
[Result "0-1"]
[WhiteTitle "FM"]
[BlackTitle "GM"]
[WhiteElo "2324"]
[BlackElo "2595"]
[WhiteFideId "7104227"]
[BlackFideId "24104272"]
[EventDate "2018.01.18"]

1. e4 c6 2. d4 d5 3. exd5 cxd5 4. c4 Nf6 5. Nc3 e6 6. Nf3 Bb4 7. Bd3 dxc4 8.
Bxc4 O-O 9. O-O b6 10. a3 Bxc3 11. bxc3 Qc7 12. Qe2 Bb7 13. Ne5 Nbd7 14. Nxd7
Qxd7 15. Bd3 Qc6 16. f4 Qxc3 17. Bb2 Qc7 18. Rac1 Qd6 19. f5 Rfe8 20. Qe5 Qd5
21. Qxd5 Nxd5 22. Be4 exf5 23. Bxd5 Bxd5 24. Rxf5 Be6 25. Re5 f6 26. Re3 Bd5 27.
Rce1 Rxe3 28. Rxe3 Kf7 29. Kf2 Rc8 30. Rc3 Rxc3 31. Bxc3 Ke6 32. g4 a5 33. Ke3
g5 34. Be1 f5 35. gxf5+ Kxf5 36. Bg3 Kg4 37. Bc7 Kh3 38. Bxb6 Kxh2 39. Bxa5 h5
40. Bd8 g4 41. Bh4 g3 42. Kf4 g2 43. Bg3+ Kh3 44. Bf2 h4 45. Kg5 Bc6 46. Kh5 Bd7
47. d5 Bb5 48. Kg5 Be8 49. d6 Bc6 50. Kh5 Bd7 51. Kg5 Be8 52. Bd4 Kg3 53. Be5+
Kf3 54. Bh2 h3 55. Kh4 g1=Q 56. Bxg1 Kg2 0-1